Les Vincent célèbres - Statistiques

Statistiques générales
  • Ce quiz a été pris 125 fois
  • Le résultat moyen est 4 sur 20
Statistiques - réponses
Par images Réponse % Correct
Vincent Van Gogh
96%
Vincent Cassel
72%
Saint Vincent de Paul
51%
Vincent Lindon
40%
Vincent Elbaz
38%
Vincent Clerc
36%
Vincent Moscato
35%
Vincenzo Nibali
22%
Vincent Taloche
13%
Vincent Bolloré
12%
Vincent D'Onofrio
10%
Vincent Ferniot
6%
Saint Vincent Ferrier
3%
Vincent Riou
3%
Vincent Scotto
3%
Lamy Vincent
2%
Vincent Barteau
2%
Père Vincent Miceli
0%
Saint Vincent de Lérins
0%
Vincent Fernandel
0%
Aucun quiz correspondant
Distribution des résultats
% des personnes avec chaque résultat
Percentile par nombre de réponses
Votre historique - résultats
Vous n’avez pas pris ce quiz